Sports Quiz

Random Sports or Baseball Quiz

Drafted by the Mariners, Did Not Sign Quiz Stats

Quiz not verified by Sporcle

Challenge
Share
Tweet
Embed
Score 0/9 Timer 04:00
0 Plays Today
Year Drafted by Mariners Player % Correct
31st Round 1982Lance Johnson
80%
30th Round 1995, 48th Round 1996Juan Pierre
73.3%
20th Round 1979Tom Henke
66.7%
16th Round 1977Tony Phillips
60%
59th Round 1996Barry Zito
60%
61st Round 1994Morgan Ensberg
53.3%
38th Round 1999Rich Harden
46.7%
23rd Round 2000Jason Hammel
46.7%
21st Round 1981Charlie O'Brien
33.3%

You're not logged in!

Compare scores with friends on all Sporcle quizzes.
Join for Free
OR
Log In

You Might Also Like...

Show Comments

Extras

Top Quizzes Today


Score Distribution

Your Account Isn't Verified!

In order to create a playlist on Sporcle, you need to verify the email address you used during registration. Go to your Sporcle Settings to finish the process.

Report this User

Report this user for behavior that violates our Community Guidelines.

Details: